The Regional Flags of Greece - Statistics

General Stats
  • This quiz has been taken 71 times
    25 since last reset
  • The average score is 4 of 14
Answer Stats
Picture Answer % Correct
Central Macedonia
78%
Attica
67%
Central Greece
33%
North Aegean
33%
Thessaly
33%
Western Macedonia
33%
Crete
22%
Eastern Macedonia and Thrace
22%
Epirus
22%
Ionian Islands
22%
Mount Athos
22%
Peloponnese
22%
Western Greece
22%
South Aegean
11%
No matching quizzes found
Score Distribution
Percent of People with Each Score
Percentile by Number Answered
Your Score History
You have not taken this quiz since the last reset